[Event "EIWCC 2018"]
[Site "Vysoke Tatry"]
[Date "2018.04.10"]
[Round "3"]
[White "Cosman, Andreea-Marioara"]
[Black "Palma, Maria"]
[Result "1-0"]
[WhiteElo "2141"]
[BlackElo "2060"]
[Annotator "NA"]
[PlyCount "73"]
[EventDate "2018.??.??"]
[EventType "swiss"]
[EventCountry "SVK"]
[SourceTitle "playchess.com"]
[Source "ChessBase"]
[SourceQuality "1"]
[TimeControl "40/5400+30:1800+30"]

1. d4 {[%emt 0:00:00]} Nf6 {[%emt 0:00:08]} 2. c4 {[%emt 0:00:00]} c5 {[%emt 0:00:04]} 3. d5 {[%emt 0:00:00]} b5 {[%emt 0:00:05]} 4. cxb5 {[%emt 0:00:00]} a6 {[%emt 0:00:05]} 5. bxa6 {[%emt 0:00:00]} e6 {[%emt 0:00:05]} 6. Nc3 {[%emt 0:00:00]} exd5 {[%emt 0:00:06]} 7. Nxd5 {[%emt 0:00:03]} Be7 {[%emt 0:00:08]} 8. Nxe7 {[%emt 0:09:49]} Qxe7 {[%emt 0:00:15]} 9. a7 {[%emt 0:01:41]} Nc6 {[%emt 0:03:07]} 10. Bf4 {[%emt 0:11:51]} d5 {[%emt 0:02:28]} 11. e3 {[%emt 0:01:47]} O-O {[%emt 0:03:13]} 12. Bb5 {[%emt 0:10:59]} Nxa7 {[%emt 0:06:17]} 13. Be2 {[%emt 0:01:23]} Rd8 {[%emt 0:08:44]} 14. Bf3 {[%emt 0:12:06]} Nc6 {[%emt 0:06:59]} 15. Ne2 {[%emt 0:03:15]} Bf5 {[%emt 0:12:23]} 16. O-O {[%emt 0:02:45]} Ne5 {[%emt 0:07:30]} 17. Bxe5 {[%emt 0:07:40]} Qxe5 {[%emt 0:00:13]} 18. b4 {[%emt 0:02:49]} cxb4 {[%emt 0:08:47]} 19. Nd4 {[%emt 0:00:07]} Bd7 {[%emt 0:01:06]} 20. Qd2 {[%emt 0:01:33]} Ra4 {[%emt 0:05:44]} 21. Rfb1 {[%emt 0:00:39]} Qd6 {[%emt 0:01:44]} 22. Bd1 {[%emt 0:01:50]} Ne4 {[%emt 0:03:47]} 23. Qb2 {[%emt 0:00:31]} Ra5 {[%emt 0:03:46]} 24. Qxb4 {[%emt 0:00:30]} Qxb4 {[%emt 0:02:04]} 25. Rxb4 {[%emt 0:00:09]} Nc3 {[%emt 0:01:42]} 26. Bb3 {[%emt 0:03:12]} Rda8 {[%emt 0:01:08]} 27. Rb7 {[%emt 0:07:38]} Be8 {[%emt 0:03:07]} 28. h3 {[%emt 0:03:51]} g6 {[%emt 0:02:54]} 29. Rc1 {[%emt 0:01:40]} Nxa2 {[%emt 0:02:44]} 30. Rcc7 {[%emt 0:00:14]} Rd8 {[%emt 0:07:52]} 31. h4 {[%emt 0:03:57]} Kf8 {[%emt 0:05:17]} 32. Nf3 {[%emt 0:04:46]} h6 {[%emt 0:01:58]} 33. Ne5 {[%emt 0:01:00]} Rda8 {[%emt 0:00:51]} 34. Nxf7 {[%emt 0:05:10]} Nc1 {[%emt 0:00:06]} 35. Nxh6 {[%emt 0:00:36]} Nxb3 {[%emt 0:00:20]} 36. Rh7 {[%emt 0:00:30]} Bd7 {[%emt 0:01:04]} 37. Rbxd7 {[%emt 0:00:15]} 1-0

[Event "EIWCC 2018"]
[Site "Vysoke Tatry"]
[Date "2018.04.10"]
[Round "3"]
[White "Okuyaz, Duru"]
[Black "Koloditsova, Renata"]
[Result "1-0"]
[WhiteElo "2122"]
[BlackElo "1978"]
[Annotator "NA"]
[PlyCount "81"]
[EventDate "2018.??.??"]
[EventType "swiss"]
[EventCountry "SVK"]
[SourceTitle "playchess.com"]
[Source "ChessBase"]
[SourceQuality "1"]
[TimeControl "40/5400+30:1800+30"]

1. e4 {[%emt 0:00:00]} e6 {[%emt 0:00:07]} 2. d4 {[%emt 0:00:00]} d5 {[%emt 0:00:11]} 3. Nc3 {[%emt 0:00:00]} Bb4 {[%emt 0:00:23]} 4. e5 {[%emt 0:00:00]} Bxc3+ {[%emt 0:00:17]} 5. bxc3 {[%emt 0:00:09]} c5 {[%emt 0:00:53]} 6. Qg4 {[%emt 0:01:22]} Ne7 {[%emt 0:01:00]} 7. Qxg7 {[%emt 0:09:12]} Rg8 {[%emt 0:00:08]} 8. Qxh7 {[%emt 0:00:12]} Qa5 {[%emt 0:04:02]} 9. Bd2 {[%emt 0:03:07]} Nbc6 {[%emt 0:04:28]} 10. a4 {[%emt 0:05:48]} Qb6 {[%emt 0:02:16]} 11. dxc5 {[%emt 0:15:04]} Qb2 {[%emt 0:03:22]} 12. Rc1 {[%emt 0:08:59]} Nxe5 {[%emt 0:01:45]} 13. f4 {[%emt 0:05:54]} Nd7 {[%emt 0:08:17]} 14. Nf3 {[%emt 0:05:25]} Nf6 {[%emt 0:15:20]} 15. Bb5+ {[%emt 0:07:48]} Bd7 {[%emt 0:08:10]} 16. Bxd7+ {[%emt 0:02:33]} Nxd7 {[%emt 0:00:09]} 17. Ng5 {[%emt 0:01:35]} Rf8 {[%emt 0:01:35]} 18. Qh5 {[%emt 0:03:46]} Nf6 {[%emt 0:06:35]} 19. Qe2 {[%emt 0:00:35]} Rc8 {[%emt 0:11:52]} 20. O-O {[%emt 0:03:28]} Rc7 {[%emt 0:02:49]} 21. Qd3 {[%emt 0:01:40]} Qa3 {[%emt 0:01:28]} 22. Qb5+ {[%emt 0:03:05]} Kd8 {[%emt 0:00:42]} 23. Qb4 {[%emt 0:00:40]} Qa2 {[%emt 0:01:22]} 24. Qb3 {[%emt 0:02:50]} Qxb3 {[%emt 0:01:02]} 25. cxb3 {[%emt 0:00:06]} Rxc5 {[%emt 0:09:25]} 26. Be3 {[%emt 0:01:39]} Rc6 {[%emt 0:00:37]} 27. Bxa7 {[%emt 0:05:26]} b6 {[%emt 0:00:53]} 28. a5 {[%emt 0:00:05]} Nc8 {[%emt 0:00:46]} 29. Bxb6+ {[%emt 0:00:49]} Nxb6 {[%emt 0:00:09]} 30. axb6 {[%emt 0:00:05]} Rxb6 {[%emt 0:00:04]} 31. b4 {[%emt 0:00:45]} Ke7 {[%emt 0:00:42]} 32. Ra1 {[%emt 0:01:17]} Rb7 {[%emt 0:00:15]} 33. Ra3 {[%emt 0:00:26]} Rc8 {[%emt 0:00:23]} 34. Rfa1 {[%emt 0:00:32]} Nd7 {[%emt 0:00:36]} 35. Nf3 {[%emt 0:00:58]} Rbc7 {[%emt 0:00:49]} 36. Rc1 {[%emt 0:00:58]} Rc4 {[%emt 0:00:33]} 37. Ra7 {[%emt 0:00:36]} f6 {[%emt 0:07:01]} 38. b5 {[%emt 0:02:35]} d4 {[%emt 0:01:00]} 39. Rd1 {[%emt 0:01:34]} Rxc3 {[%emt 0:07:55]} 40. Nxd4 {[%emt 0:00:00]} Rc1 {[%emt 0:00:35]} 41. Nc6+ {[%emt 0:00:52]} 1-0

[Event "EIWCC 2018"]
[Site "Vysoke Tatry"]
[Date "2018.04.10"]
[Round "3"]
[White "Sucikova, Svetlana"]
[Black "Koubova, Anna Marie"]
[Result "1-0"]
[WhiteElo "2107"]
[BlackElo "1819"]
[Annotator "NA"]
[PlyCount "77"]
[EventDate "2018.??.??"]
[EventType "swiss"]
[EventCountry "SVK"]
[SourceTitle "playchess.com"]
[Source "ChessBase"]
[SourceQuality "1"]
[TimeControl "40/5400+30:1800+30"]

1. Nf3 {[%emt 0:00:00]} c5 {[%emt 0:00:11]} 2. c4 {[%emt 0:00:00]} Nf6 {[%emt 0:00:26]} 3. Nc3 {[%emt 0:00:20]} g6 {[%emt 0:00:53]} 4. g3 {[%emt 0:01:18]} Bg7 {[%emt 0:00:31]} 5. Bg2 {[%emt 0:00:13]} O-O {[%emt 0:00:26]} 6. d3 {[%emt 0:04:25]} d5 {[%emt 0:05:28]} 7. cxd5 {[%emt 0:01:35]} Nxd5 {[%emt 0:00:08]} 8. Ne4 {[%emt 0:02:11]} e5 {[%emt 0:12:50]} 9. Bg5 {[%emt 0:03:10]} f6 {[%emt 0:07:20]} 10. Bd2 {[%emt 0:00:08]} Qe7 {[%emt 0:07:10]} 11. Qc1 {[%emt 0:02:40]} Na6 {[%emt 0:02:57]} 12. h4 {[%emt 0:06:37]} Re8 {[%emt 0:02:41]} 13. h5 {[%emt 0:02:05]} g5 {[%emt 0:01:58]} 14. h6 {[%emt 0:04:16]} Bf8 {[%emt 0:02:23]} 15. Nfxg5 {[%emt 0:10:52]} fxg5 {[%emt 0:01:42]} 16. Bxg5 {[%emt 0:00:06]} Qf7 {[%emt 0:07:08]} 17. Bf3 {[%emt 0:01:42]} Bf5 {[%emt 0:08:59]} 18. Qc4 {[%emt 0:00:59]} Nac7 {[%emt 0:13:53]} 19. Bh5 {[%emt 0:19:19]} Bg6 {[%emt 0:00:27]} 20. Bxg6 {[%emt 0:00:07]} hxg6 {[%emt 0:02:17]} 21. a4 {[%emt 0:13:30]} Be7 {[%emt 0:04:31]} 22. Bd2 {[%emt 0:03:52]} Qe6 {[%emt 0:05:28]} 23. Nxc5 {[%emt 0:02:00]} Bxc5 {[%emt 0:01:19]} 24. Qxc5 {[%emt 0:00:03]} Qc6 {[%emt 0:01:22]} 25. Rc1 {[%emt 0:02:28]} Qxc5 {[%emt 0:00:50]} 26. Rxc5 {[%emt 0:00:02]} b6 {[%emt 0:02:27]} 27. Rc4 {[%emt 0:00:58]} Rac8 {[%emt 0:01:59]} 28. e4 {[%emt 0:02:11]} Nf6 {[%emt 0:01:03]} 29. f4 {[%emt 0:00:14]} exf4 {[%emt 0:01:27]} 30. gxf4 {[%emt 0:00:08]} Ne6 {[%emt 0:00:28]} 31. Rxc8 {[%emt 0:01:24]} Rxc8 {[%emt 0:00:04]} 32. Rg1 {[%emt 0:01:45]} Kh7 {[%emt 0:03:51]} 33. f5 {[%emt 0:00:07]} Nf8 {[%emt 0:00:09]} 34. e5 {[%emt 0:01:27]} Nd5 {[%emt 0:00:28]} 35. Kd1 {[%emt 0:02:31]} Rc7 {[%emt 0:00:34]} 36. fxg6+ {[%emt 0:01:39]} Nxg6 {[%emt 0:00:08]} 37. Rg5 {[%emt 0:00:21]} Kxh6 {[%emt 0:01:39]} 38. e6 {[%emt 0:00:16]} Ngf4 {[%emt 0:00:46]} 39. Rxd5 {[%emt 0:00:26]} 1-0

[Event "EIWCC 2018"]
[Site "Vysoke Tatry"]
[Date "2018.04.10"]
[Round "3"]
[White "Hapala, Elisabeth"]
[Black "Kursova, Maria"]
[Result "1/2-1/2"]
[WhiteElo "2091"]
[BlackElo "2278"]
[Annotator "NA"]
[PlyCount "77"]
[EventDate "2018.??.??"]
[EventType "swiss"]
[EventCountry "SVK"]
[SourceTitle "playchess.com"]
[Source "ChessBase"]
[SourceQuality "1"]
[TimeControl "40/5400+30:1800+30"]

1. e4 {[%emt 0:00:00]} c5 {[%emt 0:00:05]} 2. Nf3 {[%emt 0:00:00]} e6 {[%emt 0:00:07]} 3. d4 {[%emt 0:00:00]} cxd4 {[%emt 0:00:05]} 4. Nxd4 {[%emt 0:00:00]} Nc6 {[%emt 0:00:06]} 5. Nc3 {[%emt 0:00:00]} Qc7 {[%emt 0:00:21]} 6. Be3 {[%emt 0:00:00]} a6 {[%emt 0:00:18]} 7. Qf3 {[%emt 0:00:18]} Bd6 {[%emt 0:01:34]} 8. O-O-O {[%emt 0:00:33]} Be5 {[%emt 0:00:13]} 9. g3 {[%emt 0:00:27]} Nge7 {[%emt 0:05:09]} 10. Qe2 {[%emt 0:00:20]} O-O {[%emt 0:15:40]} 11. f4 {[%emt 0:00:21]} Bxd4 {[%emt 0:00:13]} 12. Bxd4 {[%emt 0:00:06]} Nxd4 {[%emt 0:00:10]} 13. Rxd4 {[%emt 0:00:05]} b5 {[%emt 0:00:20]} 14. Bg2 {[%emt 0:14:30]} Bb7 {[%emt 0:02:10]} 15. Rhd1 {[%emt 0:06:27]} Rfd8 {[%emt 0:05:44]} 16. Qd2 {[%emt 0:07:15]} Bc6 {[%emt 0:05:36]} 17. e5 {[%emt 0:11:01]} Bxg2 {[%emt 0:07:50]} 18. Qxg2 {[%emt 0:00:30]} Rab8 {[%emt 0:05:37]} 19. Qd2 {[%emt 0:21:36]} Rb7 {[%emt 0:09:06]} 20. Ne4 {[%emt 0:01:11]} Qc6 {[%emt 0:02:06]} 21. g4 {[%emt 0:09:46]} Rc7 {[%emt 0:02:05]} 22. Kb1 {[%emt 0:00:24]} a5 {[%emt 0:12:41]} 23. Qd3 {[%emt 0:09:35]} Nd5 {[%emt 0:03:34]} 24. Rc1 {[%emt 0:09:33]} Nxf4 {[%emt 0:15:52]} 25. Nf6+ {[%emt 0:00:24]} gxf6 {[%emt 0:00:02]} 26. Rxf4 {[%emt 0:00:05]} fxe5 {[%emt 0:00:21]} 27. Rxf7 {[%emt 0:03:15]} Kxf7 {[%emt 0:01:43]} 28. Qxh7+ {[%emt 0:00:04]} Ke8 {[%emt 0:00:05]} 29. Qg6+ {[%emt 0:01:11]} Ke7 {[%emt 0:00:05]} 30. Qg5+ {[%emt 0:00:04]} Ke8 {[%emt 0:00:18]} 31. Qg6+ {[%emt 0:05:11]} Ke7 {[%emt 0:00:04]} 32. Qg5+ {[%emt 0:00:54]} Ke8 {[%emt 0:02:05]} 33. Qh5+ {[%emt 0:00:24]} Ke7 {[%emt 0:00:06]} 34. Qh4+ {[%emt 0:00:04]} Ke8 {[%emt 0:00:39]} 35. Qh5+ {[%emt 0:00:25]} Ke7 {[%emt 0:00:14]} 36. Qg5+ {[%emt 0:00:46]} Ke8 {[%emt 0:00:14]} 37. Qg6+ {[%emt 0:00:34]} Ke7 {[%emt 0:00:15]} 38. Qg5+ {[%emt 0:01:01]} Ke8 {[%emt 0:00:17]} 39. Qg6+ 1/2-1/2

[Event "EIWCC 2018"]
[Site "Vysoke Tatry"]
[Date "2018.04.10"]
[Round "3"]
[White "Kaliadzich, Maryia"]
[Black "Manakova, Maria"]
[Result "1/2-1/2"]
[WhiteElo "2078"]
[BlackElo "2268"]
[Annotator "NA"]
[PlyCount "95"]
[EventDate "2018.??.??"]
[EventType "swiss"]
[EventCountry "SVK"]
[SourceTitle "playchess.com"]
[Source "ChessBase"]
[SourceQuality "1"]
[TimeControl "40/5400+30:1800+30"]

1. d4 {[%emt 0:00:00]} Nf6 {[%emt 0:00:10]} 2. Nf3 {[%emt 0:00:00]} g6 {[%emt 0:00:24]} 3. Bf4 {[%emt 0:00:00]} Bg7 {[%emt 0:00:06]} 4. e3 {[%emt 0:00:00]} O-O {[%emt 0:01:13]} 5. Be2 {[%emt 0:00:13]} c5 {[%emt 0:00:46]} 6. c3 {[%emt 0:00:12]} d5 {[%emt 0:01:15]} 7. Nbd2 {[%emt 0:01:29]} b6 {[%emt 0:00:31]} 8. Ne5 {[%emt 0:03:42]} Bb7 {[%emt 0:00:38]} 9. O-O {[%emt 0:00:43]} Nbd7 {[%emt 0:00:40]} 10. h4 {[%emt 0:12:28]} a6 {[%emt 0:15:15]} 11. a4 {[%emt 0:01:39]} Rc8 {[%emt 0:03:41]} 12. Re1 {[%emt 0:08:16]} Ne8 {[%emt 0:01:04]} 13. Bg4 {[%emt 0:07:30]} f5 {[%emt 0:08:53]} 14. Nxd7 {[%emt 0:11:59]} Qxd7 {[%emt 0:00:20]} 15. Be2 {[%emt 0:03:52]} Nd6 {[%emt 0:02:44]} 16. Nf3 {[%emt 0:01:55]} Nf7 {[%emt 0:00:30]} 17. Qb3 {[%emt 0:06:49]} Qc6 {[%emt 0:05:07]} 18. Rad1 {[%emt 0:02:44]} c4 {[%emt 0:01:00]} 19. Qc2 {[%emt 0:00:31]} Qe6 {[%emt 0:07:45]} 20. Rb1 {[%emt 0:04:02]} h6 {[%emt 0:04:20]} 21. b3 {[%emt 0:03:38]} Bf6 {[%emt 0:01:31]} 22. bxc4 {[%emt 0:06:46]} dxc4 {[%emt 0:00:28]} 23. Rb4 {[%emt 0:00:19]} g5 {[%emt 0:11:01]} 24. hxg5 {[%emt 0:01:11]} hxg5 {[%emt 0:00:05]} 25. Bh2 {[%emt 0:02:13]} Bd5 {[%emt 0:22:34]} 26. Qb2 {[%emt 0:03:38]} Rc6 {[%emt 0:00:06]} 27. Nd2 {[%emt 0:01:05]} Kg7 {[%emt 0:01:08]} 28. Bf3 {[%emt 0:05:43]} Bxf3 {[%emt 0:02:36]} 29. Nxf3 {[%emt 0:00:04]} g4 {[%emt 0:03:07]} 30. Nd2 {[%emt 0:00:26]} Rh8 {[%emt 0:00:50]} 31. Nf1 {[%emt 0:02:27]} Bg5 {[%emt 0:00:12]} 32. Rb1 {[%emt 0:05:39]} Qh6 {[%emt 0:03:17]} 33. Rxb6 {[%emt 0:00:08]} g3 {[%emt 0:00:10]} 34. fxg3 {[%emt 0:00:07]} Bxe3+ {[%emt 0:00:08]} 35. Kh1 {[%emt 0:00:30]} Rxb6 {[%emt 0:01:18]} 36. Qxb6 {[%emt 0:00:05]} Nd6 {[%emt 0:00:11]} 37. Re1 {[%emt 0:00:32]} Bg5 {[%emt 0:00:10]} 38. Re5 {[%emt 0:02:34]} Bf6 {[%emt 0:00:17]} 39. Qc7 {[%emt 0:02:20]} Bxe5 {[%emt 0:03:16]} 40. Qxe7+ {[%emt 0:00:00]} Nf7 {[%emt 0:00:11]} 41. dxe5 {[%emt 0:00:55]} Qg5 {[%emt 0:08:05]} 42. Qc7 {[%emt 0:05:46]} Re8 {[%emt 0:08:46]} 43. g4 {[%emt 0:05:34]} fxg4 {[%emt 0:03:49]} 44. Qxc4 {[%emt 0:03:53]} Nxe5 {[%emt 0:00:57]} 45. Qxa6 {[%emt 0:03:16]} Rf8 {[%emt 0:03:56]} 46. Qb5 {[%emt 0:06:07]} Rxf1+ {[%emt 0:04:06]} 47. Qxf1 {[%emt 0:00:11]} g3 {[%emt 0:00:04]} 48. Qe1 {[%emt 0:03:24]} 1/2-1/2

[Event "EIWCC 2018"]
[Site "Vysoke Tatry"]
[Date "2018.04.10"]
[Round "3"]
[White "Azimova, Karina"]
[Black "Pavlidou, Ekaterini"]
[Result "0-1"]
[WhiteElo "2069"]
[BlackElo "2164"]
[Annotator "NA"]
[PlyCount "78"]
[EventDate "2018.??.??"]
[EventType "swiss"]
[EventCountry "SVK"]
[SourceTitle "playchess.com"]
[Source "ChessBase"]
[SourceQuality "1"]
[TimeControl "40/5400+30:1800+30"]

1. e4 {[%emt 0:00:00]} c5 {[%emt 0:00:33]} 2. Nc3 {[%emt 0:00:00]} Nc6 {[%emt 0:00:52]} 3. Nge2 {[%emt 0:00:00]} e6 {[%emt 0:00:59]} 4. d4 {[%emt 0:00:27]} cxd4 {[%emt 0:00:13]} 5. Nxd4 {[%emt 0:00:04]} Qc7 {[%emt 0:00:38]} 6. Be3 {[%emt 0:04:04]} a6 {[%emt 0:00:43]} 7. a3 {[%emt 0:01:21]} b5 {[%emt 0:07:11]} 8. Nxc6 {[%emt 0:01:25]} Qxc6 {[%emt 0:03:32]} 9. Bd3 {[%emt 0:07:20]} Bc5 {[%emt 0:04:05]} 10. Qg4 {[%emt 0:08:42]} Kf8 {[%emt 0:03:22]} 11. Qg5 {[%emt 0:04:02]} Be7 {[%emt 0:01:16]} 12. Qg3 {[%emt 0:02:25]} Bb7 {[%emt 0:02:31]} 13. O-O {[%emt 0:03:16]} h5 {[%emt 0:05:22]} 14. Bd4 {[%emt 0:10:11]} Nf6 {[%emt 0:02:31]} 15. e5 {[%emt 0:02:44]} Nd5 {[%emt 0:04:16]} 16. h3 {[%emt 0:04:56]} f5 {[%emt 0:16:08]} 17. exf6 {[%emt 0:03:38]} gxf6 {[%emt 0:04:16]} 18. f3 {[%emt 0:02:18]} Rg8 {[%emt 0:08:25]} 19. Qh4 {[%emt 0:07:14]} e5 {[%emt 0:12:31]} 20. Nxd5 {[%emt 0:06:07]} Qxd5 {[%emt 0:00:06]} 21. Be3 {[%emt 0:02:37]} Qf7 {[%emt 0:01:48]} 22. Qf2 {[%emt 0:02:13]} f5 {[%emt 0:02:00]} 23. Bh6+ {[%emt 0:03:17]} Ke8 {[%emt 0:00:03]} 24. Bd2 {[%emt 0:00:28]} h4 {[%emt 0:03:53]} 25. Bb4 {[%emt 0:01:36]} d6 {[%emt 0:00:39]} 26. Rad1 {[%emt 0:05:00]} Qg6 {[%emt 0:00:51]} 27. Rd2 {[%emt 0:02:22]} Rd8 {[%emt 0:05:37]} 28. c4 {[%emt 0:01:49]} e4 {[%emt 0:01:50]} 29. fxe4 {[%emt 0:03:48]} fxe4 {[%emt 0:00:11]} 30. Qb6 {[%emt 0:02:02]} Rd7 {[%emt 0:02:17]} 31. Bc2 {[%emt 0:01:50]} Qe6 {[%emt 0:00:34]} 32. cxb5 {[%emt 0:01:55]} axb5 {[%emt 0:01:44]} 33. Qxb5 {[%emt 0:00:48]} Rg5 {[%emt 0:01:06]} 34. Qe2 {[%emt 0:05:47]} e3 {[%emt 0:00:41]} 35. Ba4 {[%emt 0:00:31]} exd2 {[%emt 0:01:50]} 36. Qxe6 {[%emt 0:00:35]} Rxg2+ {[%emt 0:00:06]} 37. Kh1 {[%emt 0:00:01]} Rg6+ {[%emt 0:00:13]} 38. Kh2 {[%emt 0:00:44]} Rxe6 {[%emt 0:00:06]} 39. Rf2 {[%emt 0:01:07]} Re1 {[%emt 0:01:46]} 0-1

[Event "EIWCC 2018"]
[Site "Vysoke Tatry"]
[Date "2018.04.10"]
[Round "3"]
[White "Trippold, Denise"]
[Black "Theissl Pokorna, Regina"]
[Result "0-1"]
[WhiteElo "2067"]
[BlackElo "2320"]
[Annotator "TA"]
[PlyCount "100"]
[EventDate "2018.??.??"]
[EventType "swiss"]
[EventCountry "SVK"]
[SourceTitle "playchess.com"]
[Source "ChessBase"]
[SourceQuality "1"]

{[%evp 19,100,-44,-30,-58,-62,-60,-48,-42,-33,-25,-20,-33,-37,-66,0,0,0,0,7,0,0,0,0,0,0,0,0,0,0,-32,-27,-29,-9,-9,-9,-9,-9,-10,0,0,0,0,0,0,0,-15,-23,-16,0,-34,-34,-22,-23,-40,0,-16,-16,-16,-15,-26,-15,-387,-386,-364,-363,-1153,-936,-893,-871,-940,-363,-330,-281,-1013,-1003,-29986,-889,-29966,-29969,-29983,-29984,-29993,-556]} 1. d4 Nf6 2. c4 e6 3. Nf3 d5 4. g3 dxc4 5. Qa4+ Nbd7 6. Qxc4 a6 7. Bg2 b5 8. Qb3 Bb7 9. O-O {E03: Open Catalan: 5 Qa4+ Nbd7 6 Qxc4} c5 10. Rd1 (10. a4 Qb6 11. axb5 cxd4 12. Bf4 Bc5 13. Na3 O-O 14. Nc4 Qxb5 {½-½ (82) Valsecchi,A (2478)-Lampert,J (2488) Prague 2016}) 10... Qb6 {LiveBook: 3 Games} 11. Nc3 {Black has an edge.} cxd4 12. Nxd4 Bxg2 13. Kxg2 Bc5 14. Be3 $146 ({Find the theoretical novelty and annotate with similar games:} 14. e3 O-O 15. a4 b4 16. Nce2 e5 {0-1 (66) Fedukin,A (1880)-Popov,R (2335) Saratov 2011}) 14... O-O 15. Kg1 Ne5 16. Nc2 Neg4 (16... Rac8 $15) 17. Na4 $1 $11 {[%cal Ra4b6]} bxa4 18. Qxb6 Bxb6 19. Bxb6 Rab8 20. Bd4 e5 21. Bc3 Ne4 $1 22. f3 Nxc3 23. bxc3 Rb2 24. Nb4 Ne3 25. Rdb1 Rxe2 {Hoping for ...Rc8.} 26. Re1 Rxe1+ 27. Rxe1 {[%mdl 4096] Endgame KRN-KRN} Nc4 28. Nc6 a3 29. Re4 Nd2 30. Ra4 Nxf3+ 31. Kf2 e4 ({Much weaker is} 31... Nxh2 $6 32. Kg2 $16) 32. Rxe4 f5 33. Ne7+ Kh8 34. Ra4 Nxh2 35. Rxa6 Ng4+ 36. Kf3 g5 {[%cal Bg7g5,Bg5f4,Bf4f3][%mdl 32]} 37. Rxa3 Ne5+ 38. Kg2 f4 39. gxf4 $1 gxf4 {And now ...f3+ would win.} 40. Ra5 $2 {[%mdl 8192] [#]} (40. Nd5 $11 {and White stays safe.}) 40... f3+ $19 41. Kf1 Nc4 42. Rb5 $2 (42. Ra4 Ne3+ 43. Kf2 Nd1+ 44. Kf1) 42... Ne3+ 43. Kf2 Ng4+ 44. Kf1 Rd8 $2 (44... Ne3+ $2 45. Kf2 $17) (44... f2 {( -> ...Nh2+)} 45. Nf5 {[#]} Rxf5 $1 {[%mdl 512]} 46. Rxf5 Ne3+ 47. Kxf2 Nxf5) 45. Rb1 h5 {[%cal Bh7h5,Bh5h4][%mdl 32]} 46. Nf5 $2 (46. Ng6+ Kg7 47. Nh4) 46... Rd2 47. Ng3 Rxa2 (47... Ne3+ $142 48. Kg1 Rg2+ 49. Kh1 Rxg3 50. Kh2 Rg2+ 51. Kh3 Nd5 52. Kh4 Nf4 53. Rb8+ Kg7 54. Rb7+ Kf6 55. Rb6+ Ke7 56. Rb7+ Kd8 57. Rb8+ Kc7 58. Rc8+ Kxc8 59. c4 Rg4#) 48. Ne4 h4 {Black mates.} 49. c4 Re2 50. Re1 Ne3+ {Precision: White = 31%, Black = 65%.} (50... Rg2 $142 51. Re2 Rxe2 52. c5 Rxe4 53. c6 Re2 54. c7 Nh2+ 55. Kg1 f2+ 56. Kxh2 f1=Q#) 0-1

[Event "EIWCC 2018"]
[Site "Vysoke Tatry"]
[Date "2018.04.10"]
[Round "3"]
[White "Milcova, Zuzana"]
[Black "Semenova, Elena"]
[Result "0-1"]
[WhiteElo "2033"]
[BlackElo "2221"]
[Annotator "TA"]
[PlyCount "152"]
[EventDate "2018.??.??"]
[EventType "swiss"]
[EventCountry "SVK"]
[SourceTitle "playchess.com"]
[Source "ChessBase"]
[SourceQuality "1"]

{[%evp 18,152,16,7,45,19,31,18,61,60,58,54,70,70,85,75,76,84,78,58,87,80,105,100,112,9,6,-47,103,0,0,0,0,0,10,12,0,-106,-64,-47,-63,-100,-94,-128,-114,-143,-137,-131,-127,-131,-126,-115,-75,-80,-85,-92,-95,-106,-41,-64,0,0,0,0,0,0,0,-8,-8,-8,-8,-8,-8,-8,-8,-8,-8,-8,-8,-8,-8,-12,-12,-12,-12,-23,-8,-8,-8,-8,-8,-8,-8,-12,-8,-8,-8,-12,-15,-605,-554,-350,-26,-26,-26,-87,-87,-88,-88,-90,-90,-93,-98,-29964,-1258,-29962,-1754,-29968,-29968,-5089,-946,-29976,-29978,-29976,-29979,-29978,-29980,-29980,-29981,-29981,-29982,-29982,-29983,-29983,-29984,-29984,-29985]} 1. e4 e5 2. Nf3 Nc6 3. d4 exd4 4. Nxd4 Nf6 5. Nxc6 bxc6 6. Nd2 d6 {C45: Scotch Game} (6... d5 7. exd5 cxd5 8. Bb5+ Bd7 9. Bxd7+ Qxd7 10. O-O Be7 11. b3 O-O 12. Bb2 Qf5 13. Nf3 Rfe8 14. Qd3 Qxd3 15. cxd3 {½-½ (30) Ivanchuk,V (2732)-Hou,Y (2649) Shenzhen 2017}) 7. Bd3 g6 8. b3 Bg7 9. Bb2 O-O 10. O-O {LiveBook: 7 Games} c5 $146 ({Predecessor:} 10... Re8 11. Qc1 d5 12. Re1 a5 13. exd5 cxd5 14. Rxe8+ Qxe8 15. c4 {1-0 (58) Bogut,Z (2426)-Beliavsky,A (2613) Sarajevo 2012}) 11. Re1 Rb8 12. Nc4 {[%cal Bd2c4,Bc4e3,Be3g4,Bg4h6][%mdl 32]} Bb7 13. f3 Nh5 14. Bxg7 Kxg7 15. Qd2 Re8 16. Ne3 Kg8 17. Ng4 Bc8 18. Nh6+ Kf8 19. Rad1 Qe7 20. g4 Ng7 21. Bc4 ({White should play} 21. g5 $1 $16) 21... Be6 $11 22. Bd5 (22. Nf5 $11 Qf6 23. g5) 22... Qf6 (22... Bxd5 $15 23. exd5 Qh4) 23. e5 (23. g5 $1 $16 {[%cal Rg5f6]} Qb2 24. Bc6) 23... dxe5 24. Qe3 Bxd5 25. Qxc5+ Qe7 26. Rxd5 f6 27. Red1 (27. Qxe7+ $11 {remains equal.} Rxe7 28. g5 fxg5 29. Kf2 (29. Rdxe5 Rbe8 $11)) 27... Qxc5+ 28. Rxc5 Ne6 $36 {[%mdl 2048] Black fights for an advantage.} 29. Rc6 Rb6 30. Rxb6 axb6 $17 {[%mdl 4096] Endgame KRN-KRN} 31. Rd7 {[%csl Gh6][%cal Rd7f7]} Re7 32. Rxe7 Kxe7 {KN-KN} 33. Kf2 Kf8 34. h4 Kg7 35. g5 fxg5 36. hxg5 Nxg5 37. Ng4 Nf7 (37... e4 $1 $17 38. f4 Ne6) 38. Ne3 Nd8 (38... Nd6 $15) 39. a4 $11 Kf7 40. Nd5 Ne6 41. b4 Ke8 42. a5 bxa5 43. bxa5 Kd8 44. a6 Kc8 45. Ne7+ Kb8 46. Nc6+ Ka8 47. c3 Nc5 48. Ke3 Nd7 49. Ke4 h5 {[%cal Bh7h5,Bh5h4][%mdl 32]} 50. Ke3 g5 51. Kf2 h4 52. Kg2 Nc5 {White should prevent ...e4.} 53. Nxe5 Ka7 ({Of course not} 53... Nxa6 $6 54. Nf7 $16) 54. f4 gxf4 55. Ng6 Ne6 56. Nxh4 Kxa6 57. Nf3 Kb5 {aiming for ...Kc4.} 58. Nd2 $2 {[%mdl 8192]} (58. Ne5 $11) 58... Ng5 $19 59. Kf2 Ka4 $2 (59... Kc5 $19 {Threatens to win with ...Kd5.} 60. Ke2 Kd5) 60. Ke2 $11 Ka3 61. Kd3 (61. Nf1 $11) 61... Kb2 $17 {White must now prevent ...Kc1.} 62. Nf1 Kc1 $1 63. Kd4 Kd1 64. Nh2 Kd2 {And now ...f3 would win.} 65. c4 $2 {[%mdl 8192]} (65. Kc5 $17) 65... f3 (65... Ke2 $142 66. Ng4 f3 67. Kd5 f2 68. Nxf2 Kxf2 69. c5 Ke3 70. Ke5 Nf7+ 71. Kd5 Nd8 72. c6 Kd3 73. Kc5 Ke4 74. Kc4 Nxc6 75. Kb5 Kd5 76. Ka4 Kc4 77. Ka3 Nd4 78. Ka4 Nc6 79. Ka3 Nd4 80. Ka2 c5 81. Kb2 Kd3 82. Ka3 c4 83. Kb4 c3 84. Kc5 c2 85. Kd5 c1=Q 86. Kd6 Qc8 87. Ke7 Qe6+ 88. Kd8 Qd6+ 89. Ke8 Qc7 90. Kf8 Nf5 91. Kg8 Qg7#) 66. Ng4 Nf7 (66... Ke2 $142 67. Ke5 f2 68. Nxf2 Kxf2 69. Kd5 Kf3 70. Kc6 Ne6 71. c5 Ke4 72. Kb5 Kd4 73. c6 Nd8 74. Ka6 Kc4 75. Ka5 Nxc6+ 76. Ka4 Nd4 77. Ka5 Kc3 78. Ka4 c5 79. Ka5 Kd3 80. Kb6 c4 81. Kc5 c3 82. Kd6 c2 83. Ke5 c1=Q 84. Kd6 Qc6+ 85. Ke5 Qh6 86. Kd5 Qe6+ 87. Kc5 Qc6+ 88. Kb4 Qc4+ 89. Ka5 Qb5#) 67. Ke4 Ke2 68. Kd5 {[#]} Nd8 ({Inferior is} 68... f2 {[#]} 69. Nxf2 $1 {[%mdl 512]} Kxf2 70. Kc6 $11) (68... Nh6 $142 $1 {[%mdl 512]} 69. Nxh6 f2) 69. Ke5 f2 {Black mates.} 70. Nh2 f1=Q 71. Nxf1 Kxf1 {KN-KP} 72. c5 Ke2 73. Kf6 Kd3 74. Ke7 Kc4 ({Weaker is} 74... Nb7 75. Kd7 $11) 75. c6 Kb5 76. Kd7 Kb6 {Precision: White = 48%, Black = 55%.} 0-1